<?xml version="1.0" encoding="UTF-8"?>
<record
    xmlns:xsi="http://www.w3.org/2001/XMLSchema-instance"
    xsi:schemaLocation="http://www.loc.gov/MARC21/slim http://www.loc.gov/standards/marcxml/schema/MARC21slim.xsd"
    xmlns="http://www.loc.gov/MARC21/slim">

  <leader>00589nam a2200181 a 4500</leader>
  <controlfield tag="001">1344</controlfield>
  <controlfield tag="003">CDMR</controlfield>
  <controlfield tag="005">20131030102443.0</controlfield>
  <controlfield tag="008">130130s1988||||||||||||||||||||||||||||d</controlfield>
  <datafield tag="020" ind1=" " ind2=" ">
    <subfield code="a">8431310405</subfield>
  </datafield>
  <datafield tag="040" ind1=" " ind2=" ">
    <subfield code="a">CDMR</subfield>
    <subfield code="b">cat</subfield>
    <subfield code="c">CDMR</subfield>
  </datafield>
  <datafield tag="100" ind1="1" ind2=" ">
    <subfield code="a">Mor&#xE1;n Torres, Esteban</subfield>
    <subfield code="9">1042</subfield>
  </datafield>
  <datafield tag="245" ind1="1" ind2="0">
    <subfield code="a">G&#xE9;neros del periodismo de opini&#xF3;n</subfield>
    <subfield code="b">: cr&#xED;tica, comentario, columna, editorial</subfield>
    <subfield code="c">Esteban Moran Torres</subfield>
  </datafield>
  <datafield tag="260" ind1=" " ind2=" ">
    <subfield code="a">Pamplona</subfield>
    <subfield code="c">1988</subfield>
    <subfield code="b">Ediciones Universidad de Navarra</subfield>
  </datafield>
  <datafield tag="650" ind1="0" ind2="4">
    <subfield code="9">3625</subfield>
    <subfield code="a">Diaris</subfield>
    <subfield code="v">Seccions, columnes, etc</subfield>
    <subfield code="x">Opini&#xF3;</subfield>
  </datafield>
  <datafield tag="650" ind1="0" ind2="4">
    <subfield code="9">4193</subfield>
    <subfield code="a">G&#xE8;neres period&#xED;stics</subfield>
  </datafield>
  <datafield tag="942" ind1=" " ind2=" ">
    <subfield code="c">MON</subfield>
    <subfield code="2">udc</subfield>
  </datafield>
  <datafield tag="999" ind1=" " ind2=" ">
    <subfield code="c">1344</subfield>
    <subfield code="d">1344</subfield>
  </datafield>
  <datafield tag="952" ind1=" " ind2=" ">
    <subfield code="0">0</subfield>
    <subfield code="1">0</subfield>
    <subfield code="4">0</subfield>
    <subfield code="7">0</subfield>
    <subfield code="a">CDMR</subfield>
    <subfield code="b">CDMR</subfield>
    <subfield code="d">2013-01-16</subfield>
    <subfield code="l">0</subfield>
    <subfield code="o">Dk 8/3</subfield>
    <subfield code="p">CDMR13109214</subfield>
    <subfield code="r">2013-01-16</subfield>
    <subfield code="w">2013-01-16</subfield>
    <subfield code="y">MON</subfield>
  </datafield>
  <datafield tag="952" ind1=" " ind2=" ">
    <subfield code="0">0</subfield>
    <subfield code="1">0</subfield>
    <subfield code="4">0</subfield>
    <subfield code="7">0</subfield>
    <subfield code="a">GIRONA</subfield>
    <subfield code="b">GIRONA</subfield>
    <subfield code="d">2015-07-22</subfield>
    <subfield code="l">0</subfield>
    <subfield code="o">Dk 526</subfield>
    <subfield code="p">GIRONA15070112</subfield>
    <subfield code="r">2015-07-22</subfield>
    <subfield code="w">2015-07-22</subfield>
    <subfield code="y">MON</subfield>
  </datafield>
</record>
